| 000 | 00399nam a22001457a 4500 | ||
|---|---|---|---|
| 005 | 20200604093350.0 | ||
| 008 | 200604b xxu||||| |||| 00| 0 eng d | ||
| 082 | _a345.84 AIR | ||
| 110 |
_aThe All India Reporter _95766 |
||
| 245 | _aThe All India Reporter1987 (V-74) BOMBAY Section | ||
| 260 |
_aBOMBAY _bThe All India Reporter Ltd _c1987 |
||
| 300 | _a384p. | ||
| 650 |
_aLAW _95701 |
||
| 942 | _cJRL | ||
| 999 |
_c6788 _d6786 |
||